000 00659nam a22002057a 4500
999 _c179381
_d179381
005 20210610115604.0
010 _aB-740295
020 _a9789380285511
_c400.00
035 _aB-740295
037 _bGIft
082 _a910.133
100 _aGautam, Alka
245 _aAdvanced economic geography /
_cby Alka Gautam
260 _aAllahabad
_bSharda Pustak Bhawan
_c2012
270 _a11, University Road
_bAllahabad
_e211002
300 _avi, 811p.:
_c24cm(pbk)
_bill.
500 _aincludes bibliographical references
942 _2ddc
_cEN
_h910.133
_mGAU